000 00569nam a2200217Ia 4500
003 OSt
005 20220918212430.0
006 a|||||r|||| 00| 0
007 ta
008 220917b |||||||| |||| 00| 0 eng d
024 _a128,840
037 _cTextual
040 _aARTS
_cARTS
_beng
041 _2eng
_aeng
082 _aX:322t687:N33, G3.1-.2
245 0 _aKenya land commission evidence
260 _aNairobi
_bGovt Printer
_c1933
650 _aECONOMICS
942 _hX:322t687:N33, G3.1-.2
_cTEXL
_2CC
999 _c251974
_d251974